Hololive Vtuber Quiz - Statistics

General Stats
  • This quiz has been taken 225 times
    206 since last reset
  • The average score is 13 of 16
Answer Stats
Picture Answer % Correct
Hoshou Marine
92%
Hoshimachi Suisei
91%
Kobo Kanaeru
91%
La+ Darknesss
86%
Kiryu Coco
83%
Kureiji Ollie
81%
Amane Kanata
79%
AZKi
78%
Akai Haato
77%
Kaela Kovalskia
76%
Anya Melfissa
72%
Hakui Koyori
72%
Kazama Iroha
72%
Shiranui Flare
72%
Airani Iofifteen
69%
Aki Rosenthal
60%
No matching quizzes found
Score Distribution
Percent of People with Each Score
Percentile by Number Answered
Your Score History
You have not taken this quiz since the last reset